|
|
|
|
| LEADER |
00000ny a22000003n 4500 |
| 005 |
2011051203203.0 |
| 008 |
020218c19uu us fr p f0 a1eng d |
| 022 |
|
|
|a 0094-8381
|
| 035 |
|
|
|a 3996
|
| 040 |
|
|
|a BUH
|d vLex
|
| 080 |
|
|
|a 34:355/359
|
| 090 |
|
|
|c 1788
|d 1788
|
| 245 |
0 |
4 |
|a The Air force law review
|h [Recurso electrn̤ico]
|
| 256 |
|
|
|a Servicio en ln̕ea
|
| 260 |
|
|
|a Washington :
|b Judge Advocate General School, United States Air Force
|
| 310 |
|
|
|a Semestral
|
| 506 |
1 |
|
|a Contenido solo disponible en los productos indicados
|d vLex Global
|d vLex Global (Academic Edition, excluding Law Schools)
|d vLex Global (U.S. Academic Edition, excluding Law Schools)
|
| 650 |
0 |
4 |
|a Derecho ařeo
|z Estados Unidos
|x Publicaciones perid̤icas
|
| 650 |
0 |
4 |
|a Justicia militar
|z Estados Unidos
|
| 740 |
0 |
|
|a vLex Revista (Servicios en ln̕ea)
|
| 843 |
|
|
|a Electrn̤ica. Abierta
|
| 853 |
|
|
|8 1
|i (year)
|j (month)
|k (day)
|
| 856 |
4 |
0 |
|z Acceso restringido
|u http://vlex.com/account/login_ip?fuente_id=3996
|
| 942 |
|
|
|c REV
|
| 999 |
|
7 |
|a Derecho ařeo
|z Estados Unidos.
|
| 999 |
|
7 |
|a Justicia militar
|z Estados Unidos.
|